Automatizované systémy řízení bulletin INORGA
Gespeichert in:
| Format: | Schriftenreihe |
|---|---|
| Sprache: | Tschechisch |
| Veröffentlicht: |
Praha
Inorga
|
| Tags: |
Keine Tags, Fügen Sie das erste Tag hinzu!
|
MARC
| LEADER | 00000nas1a2200000 4500 | ||
|---|---|---|---|
| 001 | s122702 | ||
| 005 | 20230412115142.8 | ||
| 041 | 0 | |a cze | |
| 044 | |a CZ | ||
| 245 | 1 | 0 | |a Automatizované systémy řízení |b bulletin INORGA |
| 264 | 1 | |a Praha |b Inorga | |